| 000 | 00887cad a22002055a 4500 | ||
|---|---|---|---|
| 001 | E144615 | ||
| 008 | 080731s2005 xxk f 000 0 eng d | ||
| 035 | _a(Sirsi) u144615 | ||
| 041 | 0 | _aeng | |
| 050 | 0 | 4 | _a711.1 $2 18 |
| 110 | 2 |
_aScottish Natural Heritage _92794 |
|
| 245 | 0 | 2 |
_aA handbook on environmental impact assessment _h[electronic resource] |
| 260 |
_aRedgorton, Perth _bScottish Natural Heritage _c2005 |
||
| 520 | _aGuidance for those involved in the environmental impact assessment process in Scotland, including competent authorities and consultees. | ||
| 521 | _aIntroductory | ||
| 651 | 4 |
_aScotland _y1999- |
|
| 690 | _aENVIRONMENTAL AND LAND CONSULTANCY-ENVIRONMENTAL MANAGEMENT-ENVIRONMENTAL ASSESSMENT-ENVIRONMENTAL IMPACT ASSESSMENT | ||
| 856 | 4 | 0 |
_uhttps://www.snh.org.uk/pubs/detail.asp?id=454 _zView the guide free of charge at www.snh.org.uk... |
| 942 | _n0 | ||
| 999 |
_c108559 _d108559 |
||